000 00852 a2200253 4500
005 20080826152110.0
008 080826t xxu||||| |||| 00| 0 eng d
010 _aENG-90929
020 _a8180546683
_c400.00
035 _aEN-74462
037 _bDBAD / PUB
040 _aDPL
_bEnglish
082 _a001.422
100 _aGupta, S.P.
245 _aStatistical methods /
_cby S.P. Gupta
250 _a37th rev. ed.
260 _aNew Delhi
_bSultan Chand
_c2008
270 _a23, Daryaganj
_bNew Delhi
_e110 002
300 _axx, 1468 p.
_c24 cm (pbk)
500 _aincludes appendix
650 _aStatistics
942 _adpl
_cEN
_k001.422/GUP
_2ddc
_h001.422
_mGUP
999 _c15343
_d15343